|
|
|
|
| LEADER |
00790nab a2200205 i 4500 |
| 001 |
acta17394 |
| 005 |
20240321144330.0 |
| 008 |
161015s1960 hu o 0|| hun d |
| 022 |
|
|
|a 0586-3686
|
| 040 |
|
|
|a SZTE Egyetemi Kiadványok Repozitórium
|b hun
|
| 041 |
|
|
|a hun
|
| 100 |
1 |
|
|a Geréb György
|
| 245 |
1 |
0 |
|a Comenius didaktikai nézeteinek főbb vonásai
|h [elektronikus dokumentum] :
|b a didaktika fogalma és szerepe Comenius értelmezésében /
|c Geréb György
|
| 260 |
|
|
|c 1960
|
| 300 |
|
|
|a 249-304
|
| 490 |
0 |
|
|a A Szegedi Pedagógiai Főiskola évkönyve
|
| 650 |
|
4 |
|a Társadalomtudományok
|
| 650 |
|
4 |
|a Oktatástudomány
|
| 695 |
|
|
|a Comenius Johannes Amos, Pedagógia - cseh - 17. sz.
|
| 856 |
4 |
0 |
|u http://acta.bibl.u-szeged.hu/17394/1/tanarkepzo_1960_1_249-304.pdf
|z Dokumentum-elérés
|